| 000 | 01036cam a2200277 a 4500 | ||
|---|---|---|---|
| 001 | 4454624 | ||
| 003 | NUST - PNEC | ||
| 005 | 20170116181133.0 | ||
| 008 | 951102s1995 paua b 000 0 eng | ||
| 010 | _a 95061493 | ||
| 020 | _a1566763010 | ||
| 040 |
_aDLC _cLIBRARY _dDLC |
||
| 050 | 0 | 0 |
_aTD1050.T43 _bH39 1995 |
| 082 | _a628.42 FRE | ||
| 245 | 0 | 0 |
_aHazardous waste remediation : _binnovative treatment technologies / _cedited by Harry M. Freeman, Eugene F. Harris. |
| 260 |
_aLancaster, Pa. : _bTechnomic Pub., _cc1995. |
||
| 300 |
_axx, 342 p. : _bill. ; _c28 cm. |
||
| 504 | _aIncludes bibliographical references. | ||
| 650 | 0 |
_aHazardous waste site remediation _xME |
|
| 700 | 1 |
_aFreeman, Harry, _d1943- |
|
| 700 | 1 | _aHarris, Eugene F. | |
| 856 | 4 | 2 |
_3Publisher description _uhttp://www.loc.gov/catdir/enhancements/fy0744/95061493-d.html |
| 906 |
_a7 _bcbc _corignew _d2 _eopcn _f19 _gy-gencatlg |
||
| 942 |
_2ddc _cBK |
||
| 999 |
_c70106 _d70106 |
||